000 00357nam a2200133Ia 4500
008 151001s9999||||xx |||||||||||||| ||und||
100 _aहरी नारायण आपटे
245 _aमध्यान्ह
250 _a2
260 _bआर्यभूषण मुद्रणालय
260 _c1964
300 _a322
365 _b8.5
999 _c953872
_d953869